[Event "Selfoss Milk Masters 1st"]
[Site "Selfoss"]
[Date "2002.10.14"]
[Round "7"]
[White "Kristjansson, Stefan"]
[Black "Tregubov, Pavel V"]
[Result "0-1"]
[WhiteElo "2431"]
[BlackElo "2594"]
[Annotator "Cifuentes Parada,L"]
[PlyCount "68"]
[EventDate "2002.10.08"]
[EventType "tourn"]
[EventRounds "9"]
[EventCountry "ISL"]
[EventCategory "12"]
[SourceTitle "CBM 092"]
[Source "ChessBase"]
[SourceDate "2003.02.06"]
[SourceVersion "1"]
[SourceVersionDate "2003.02.06"]
[SourceQuality "1"]

1. e4 c5 2. Nf3 Nc6 3. d4 cxd4 4. Nxd4 Nf6 5. Nc3 e5 6. Ndb5 d6 7. Bg5 a6 8.
Na3 b5 9. Nd5 Be7 10. Bxf6 Bxf6 11. c3 O-O 12. Nc2 Bg5 13. a4 bxa4 14. Rxa4 a5
15. Bc4 Rb8 16. Ra2 (16. b3) 16... Kh8 17. Nce3 $6 (17. O-O $142 f5 18. exf5
Bxf5 19. Nce3) 17... g6 18. O-O (18. h4 $5 Bxh4 (18... Bh6 19. h5 Kg7) 19. g3
Bg5 20. f4 exf4 21. gxf4 Bh4+ 22. Kf1 f5 $1 23. b3 $1 fxe4 24. Rah2 g5 25. Ng2
Rb7 26. Nxh4 gxh4 27. Rxh4 Rg7 28. Qh5 Bf5 29. Qh6 e3 $1 30. Nxe3 Be4 31. Rg1
Rxg1+ 32. Kxg1 Qf6 (32... Rf6 $5 33. Qh5 Rg6+ 34. Kh2 Rg7) 33. Qxf6+ Rxf6 $11 {
Stangl,M-Kinderman,S/Altensteig 1987}) 18... f5 19. exf5 (19. Qa4 Bd7 20. Bb5
Nb4 $1 (20... Qc8 $5) 21. Bxd7 Nxa2 22. Bb5 f4 23. Nc4 f3 24. g3 Nc1 25. Nxa5
Ne2+ 26. Kh1 Rf7 $1 $13 {/\Qc8-h3}) 19... gxf5 20. Qh5 (20. f4 $2 exf4 21. Nc2
(21. Nxf4 $2 Qb6) 21... Ne5 22. Qd4 f3 23. gxf3 (23. Rxf3 Bf6 $1) 23... Bf6 24.
Nxf6 Qxf6 25. Bd5 (25. Kh1 $2 Nxc4 26. Qxc4 Be6) 25... Ba6 26. Re1 (26. Rf2
Qg5+ $1) 26... Bc4 $1 $19) (20. Qa4 Bd7 21. Bb5 Qc8 22. f4 exf4 23. Bxc6 (23.
Nxf4 Rxb5 24. Qxb5 Nb4 25. Qxa5 Nxa2 26. Qxa2 Qc5 $19) 23... Bxc6 24. Qd4+ Kg8
25. Nxf4 Re8 26. Ned5 Re5 27. Rxa5 Bxf4 28. Rxf4 Rxb2 $13) 20... e4 21. f4 exf3
22. gxf3 (22. Rxf3 $143 Ne5 23. Rg3 Rg8 $1 (23... Bxe3+ 24. Rxe3 Be6 (24...
Nxc4 $2 25. Re7) 25. Qe2 Bxd5 26. Bxd5 f4 (26... Ng4 27. Rf3 Re8 28. Qd2 Qb6+
29. Kh1 Re5 30. Bc4 Rbe8 31. Ra1) 27. Rxe5 dxe5 28. Qxe5+ Qf6 29. Qxf6+ Rxf6
30. Kf2 $44) 24. b3 Be6 25. Rf2 (25. h4 Bxe3+ 26. Rxe3 Bxd5 27. Bxd5 Qb6 28.
Rae2 Rg3 $19) 25... a4 $1) 22... Bxe3+ 23. Nxe3 Ne5 24. Bd5 Ba6 25. Rd1 Bb7 $1
26. Kh1 Qb6 $17 27. Rd4 f4 (27... Bxd5 28. Nxd5 Qb5 29. c4 (29. Ra1 Qxb2 30.
Rg1 Qf2 $1) 29... Qb3 30. Nc3 Qc2) 28. Bxb7 (28. Nc4 Bxd5 29. Nxb6 Bxf3+ 30.
Qxf3 Nxf3 31. Rd3 (31. Rxd6 Rg8 32. Ra1 Rbe8 $19) 31... Ne5 (31... Rxb6 32.
Rxf3 $15) 32. Rxd6 f3 33. Ra1 f2 34. Rf1 Rxb6 35. Rxb6 Nc4 36. Re6 Nd2 37. Kg2
Rg8+ 38. Kxf2 Rf8+ 39. Ke2 Nxf1 40. Re5 Nxh2 41. Rxa5 $17) (28. Ng4 Qb5 29. Ra1
Nxf3 30. Nf6 Rxf6 31. Qxf3 Qxb2 $19) 28... Rxb7 29. Nd5 (29. Ng2 Qb3 30. Ra1
Qxb2 $19) (29. Ng4 Qb5 30. Ra1 Nxf3 31. Qxb5 Rxb5 32. Rxd6 Rxb2 33. Rd3 Nd2)
29... Qb5 $1 $19 30. Ra1 (30. Qh3 Qe2 $19) (30. c4 Qb3 31. Nc3 Qc2 32. Rxd6 Rg7
33. Qh3 Qf2 34. Ra1 Nxf3 $19) 30... Rg7 $2 (30... Qe2 $1 31. Nxf4 (31. Rxf4 Rg8
) 31... Qxf3+ 32. Qxf3 Nxf3 33. Rda4 (33. Re4 d5) 33... Rxb2 34. Ng2 Rg8 35.
Rf4 Rf2 $1 $19) 31. Rxf4 $2 (31. Rd2 $8 $15) 31... Rfg8 32. Ne3 Nd3 $1 33. Qh4
Qxb2 34. Rf1 Nf2+ 0-1

[Event "Moscow Aeroflot op-A"]
[Site "Moscow"]
[Date "2004.02.21"]
[Round "5"]
[White "Asrian, Karen"]
[Black "Van Wely, Loek"]
[Result "1/2-1/2"]
[WhiteElo "2599"]
[BlackElo "2617"]
[Annotator "Cifuentes Parada,L"]
[PlyCount "65"]
[EventDate "2004.02.17"]
[EventType "swiss"]
[EventRounds "9"]
[EventCountry "RUS"]
[SourceTitle "CBM 100"]
[Source "ChessBase"]
[SourceDate "2004.06.01"]
[SourceVersion "1"]
[SourceVersionDate "2004.06.01"]
[SourceQuality "1"]

1. e4 c5 2. Nf3 Nc6 3. d4 cxd4 4. Nxd4 Nf6 5. Nc3 e5 6. Ndb5 d6 7. Bg5 a6 8.
Na3 b5 9. Bxf6 gxf6 10. Nd5 f5 11. Bd3 Be6 12. Qh5 Rg8 $5 (12... Bg7 $143 13.
O-O f4 14. c4 $1 bxc4 15. Bxc4 O-O 16. Rac1 Rb8 17. b3 Qd7 18. Rfd1 $1 Kh8 $1 (
18... Bg4 19. Qg5 $1) 19. Qh4 $14) 13. g3 $1 Nd4 (13... Rg4) (13... Rg5) 14. c3
(14. O-O-O $143 Rc8 15. Kb1 (15. f4 Rg6) 15... Rg6 $1 16. h4 fxe4 17. Bxe4 Rh6
18. Qg5 f5 19. Bg2 Qxg5 20. hxg5 Rxh1 21. Rxh1 Bxd5 22. Bxd5 Rc5 23. Bg8 b4 24.
Nc4 Be7 25. Rxh7 Kf8 26. Bf7 (26. g6 Kxg8) 26... Bxg5 $36) 14... fxe4 15. Bxe4
Bg4 16. Qxh7 Rg7 (16... Nf3+ $2 17. Bxf3 Bxf3 18. Qxg8 Bxh1 19. Rd1 $1 (19.
O-O-O $6 Bxd5 20. Rxd5 Qf6 21. Rd2 b4 22. Nc4 Rd8 23. Ne3 bxc3 24. bxc3 d5 $132
) 19... Bxd5 20. Rxd5 Qf6 21. Nc2 $1 Qf5 22. Rd2 Qe4+ 23. Ne3 Rd8 24. h4 d5 25.
Qg4 $16) 17. Qh6 Nf3+ 18. Ke2 $1 (18. Kf1 Rg5 19. Nf6+ Ke7 $1 20. Qh8 Nd2+ 21.
Kg2 Nxe4 22. Nxe4 Rg6 23. Qh4+ Ke6 24. Qxd8 Rxd8 25. f3 Bf5 26. Rad1 d5 27. Nb1
Rc8 28. Nf2 b4 $44 {Sokolov,A-Skripchenko Lautier,A/Francia (tt) 2003}) 18...
Ng5+ 19. f3 Nxe4 20. fxg4 Qc8 $1 21. Qe3 $1 (21. Rhf1 Qxg4+ 22. Ke1 Rc8 23. Qe3
Be7 $13) 21... Qxg4+ 22. Qf3 Qxf3+ 23. Kxf3 f5 24. Nc2 (24. Ne3 Rf7) 24... Kf7
25. Nde3 $5 $146 {[%mdl 8]} (25. Nce3 Nf6 $1 (25... Ke6 $2 26. Nxf5 $1 Ng5+ 27.
Kg4 Rf7 28. Rhf1 Ne4 29. Rad1 Raa7 30. Nde3 Rad7 31. Kf3 d5 32. g4 Bc5 33. h4
$16 {Beliavsky,A-Shirov,A/Groningen 1993}) 26. a4 (26. Nxf6 Kxf6 27. a4 Rb7 $11
) 26... Nxd5 27. Nxd5 Ke6 28. Rhd1 Raa7 $1 $11 {Acs,P-Van Wely,L/Plovdiv 2003})
25... Ke6 (25... Ng5+ $5 26. Ke2 Ke6 27. Rhf1 (27. a4) 27... Rf7 28. a4 Rc8 $1
29. axb5 axb5 30. Ra5 Ne4 $1 $13 31. Rxb5 (31. Na3 $2 Rh7 $1) 31... Rh7 (31...
Rxc3) 32. Nxf5 Rxh2+ 33. Kd1 Rxc3 $1 $11) 26. Nxf5 $1 Ng5+ (26... Kxf5 27. Ne3+
$16) 27. Kg4 Rg8 (27... Rg6 28. Rhf1 d5 29. Rae1) 28. Rhf1 d5 29. Rae1 Ne4+ 30.
Kh3 Bc5 31. Kg2 Raf8 32. Nfe3 b4 (32... Rxf1 $142 $5 33. Rxf1 a5 (33... b4) 34.
a3 (34. Rd1 Rf8 $1) (34. Re1 Rf8) 34... b4 35. axb4 axb4 36. cxb4 (36. Ra1 $2
b3) 36... Bxe3 $1 37. Nxe3 Rc8 {/\d4} 38. Ra1 (38. Re1 d4 39. Ng4 Rc2+ 40. Kg1
Kd5 41. Ra1 $1 Ng5 $1 42. Ra5+ (42. Nf2 Nf3+ 43. Kg2 Nxh2 $1) 42... Ke4 43.
Rxe5+ Kf3 44. Rc5 d3 (44... Rxb2 45. Ne5+ Ke4 46. b5 d3 47. Nxd3 $11) 45. Ne5+
(45. Nf2 Rxf2 46. Rf5+ Ke3 47. Re5+ Kf3 48. Rf5+ $11 (48. Rxg5 Rxb2)) 45... Ke4
46. Nxd3 Nf3+ $11) 38... d4 39. Ra6+ Nd6 40. Ng4 Rc2+ 41. Nf2 e4 42. Kf1 Kd5
43. Ra5+ Ke6 44. Ra6 $11) 33. Nxd5 $5 (33. cxb4 Ba7 $1 34. Re2 Rxf1 35. Kxf1 d4
36. Nc4 Kd5 37. Nd2 Rf8+ 38. Ke1 $8 (38. Kg2 $2 d3 $1) 38... Ng5 39. Rf2 Rc8 $1
) (33. Nxd5 Rxf1 34. Kxf1 Kxd5 (34... Nxg3+ $143 35. hxg3 Kxd5 36. cxb4 (36.
Nxb4+ Bxb4 37. cxb4 Rxg3 $11) 36... Rf8+ 37. Ke2 Rf2+ 38. Kd3 $1 (38. Kd1 Bd4
39. Kc1 Kc4 $1) 38... Bd4 (38... Ba7) 39. Nxd4 exd4 40. Rg1 $1 Rxb2 41. g4 Rxa2
42. g5 Ra3+ 43. Kc2 Rc3+ 44. Kd2 Rc7 45. g6 Rg7 46. Kd3 Ke5 47. Re1+ $1 Kd5 (
47... Kf5 48. Rf1+ Ke5 49. Rg1) 48. Ra1 $1 $16) 35. c4+ Kxc4 36. Rxe4+ Kd5 (
36... Kd3 37. Rxe5 Kxc2 38. Rxc5+ Kxb2 39. Ra5 $1) 37. Re2 e4 $132) (33. Nxb4
Bxb4 34. cxb4 Rxf1 (34... Rb8 35. a3 a5) 35. Rxf1 Rc8 36. b3 Rc3 37. Re1 Rd3
38. Nf1 Nc3 39. Re3 (39. Ra1 e4) 39... Rxe3 40. Nxe3 Nxa2 $15) (33. c4 d4 34.
Nd5 Rxf1 35. Rxf1 a5 36. Ne1 Bd6 37. Nd3 Rc8 38. b3 (38. Rc1 b3 $1) 38... Rg8
39. Re1 Nc3 40. Nxc3 bxc3 41. Kf3 $13) 1/2-1/2

[Event "RUS-ch"]
[Site "Elista"]
[Date "1995.??.??"]
[Round "5"]
[White "Sokolov, Andrei"]
[Black "Filippov, Valerij"]
[Result "1/2-1/2"]
[WhiteElo "2585"]
[BlackElo "2510"]
[Annotator "Dolmatov,S"]
[PlyCount "97"]
[EventDate "1995.10.??"]
[EventType "swiss"]
[EventRounds "11"]
[EventCountry "RUS"]
[SourceTitle "CBM 050"]
[Source "ChessBase"]
[SourceDate "1996.02.01"]
[SourceVersion "1"]
[SourceVersionDate "1996.02.01"]
[SourceQuality "1"]

1. e4 {Horvath,T} c5 2. Nf3 e6 3. d4 cxd4 4. Nxd4 Nf6 5. Nc3 Nc6 6. Ndb5 d6 7.
Bf4 e5 8. Bg5 a6 9. Na3 b5 10. Bxf6 gxf6 11. Nd5 f5 12. exf5 Bxf5 13. c3 Bg7
14. Nc2 Be6 (14... O-O 15. Nce3 Be6 16. Bd3 f5 17. Bc2 f4 18. Qh5 Rf7 19. Bxh7+
Kf8 20. Bf5 Qe8 21. Bxe6 Qxe6 22. Qg4 Qh6 23. Nb6 $13) (14... Ne7 15. Bd3 Be6
16. Be4 $14) 15. g3 O-O 16. Bg2 a5 (16... Rb8 17. O-O Qd7 18. a4 $14 {Short,
N-Kramnik,V/Novgorod/1995/ Inf 63/141}) 17. O-O f5 18. Qh5 b4 (18... Rb8 19.
Rad1 Kh8) 19. Rad1 bxc3 20. bxc3 Kh8 21. Nce3 Rb8 22. f4 e4 23. Bh3 $6 (23. g4
$5 fxg4 (23... Bf7 24. Qxf5 Bg6 25. Qg5 Qxg5 26. fxg5 $16 (26. fxg5 Ne5 27. h4
$16 {Dolmatov})) (23... Qe8 24. Qxe8 Rbxe8 25. Nc7 $16) (23... Ne7 $1 {Horvath,
T} 24. Nxe7 (24. gxf5 Bxd5 25. f6 (25. Nxd5 Rxf5 26. Qh3 Rxd5 27. Bxe4 Qg8 28.
Bxd5 Nxd5 $17 29. c4 $2 Ne3 $1 30. Qxe3 Bd4+ $19) (25. Rxd5 $2 Qb6 $1 $19)
25... Rxf6 26. Nxd5 Rf5 {=>25.Nxd5}) (24. Kh1 $13) 24... Qxe7 25. gxf5 Bxa2 $17
) 24. Bxe4 h6 25. Nxg4 $16) 23... Qd7 24. Rf2 (24. Kh1 {Topalov-Krasenkov/CBM/
49/878}) (24. Rd2 $5 Rb5 (24... Ne7 $2 25. Nxe7 Qxe7 26. Nxf5 $16 {Dolmatov})
25. Rfd1 $14) 24... Rb5 25. Rfd2 Rc5 26. Kh1 Qf7 27. Qxf7 Rxf7 28. Nb6 $6 (28.
c4 $5 Kg8 29. Kg2 $14) (28. c4 $5) 28... Rxc3 29. Rxd6 Bxa2 $1 (29... Rxe3 30.
Rxe6 Nd4 31. Re8+ Rf8 32. Rxf8+ Bxf8 33. Rxd4 Re1+ 34. Kg2 Bc5 35. Rd8+ Kg7 36.
Bxf5 Bxb6 37. Rd6 $16) 30. Nxf5 Bf8 31. Na4 (31. R6d2 Bb3 32. Ra1 e3 33. Re2
Rxf5 34. Bxf5 Nd4 35. Bg4 Nxe2 36. Bxe2 Bc5 $17) 31... Rc4 (31... Rc2 $5 32.
Rd7 $132 (32. R6d2 $6 Bb3 $40)) 32. Nb6 Rc5 33. Na4 Bxd6 $6 34. Nxd6 Rc2 35.
Nxf7+ Bxf7 36. Bf5 Ne7 37. Bxe4 Rc4 38. Nc5 Rxc5 39. Rd7 Bd5 40. Rxe7 Rc1+ 41.
Kg2 Re1 42. Rxh7+ (42. Kf3 $2 a4) 42... Kg8 43. Kf2 Rxe4 44. Rh5 Bc4 (44... Rd4
45. Ke3 Rd1 46. Ke2 $10) 45. Rxa5 Re2+ 46. Kf3 Rxh2 47. f5 Kg7 48. Rc5 Be2+ 49.
Kf4 1/2-1/2

[Event "Belgrade GMA op"]
[Site "Belgrade"]
[Date "1988.??.??"]
[Round "?"]
[White "Dolmatov, Sergey"]
[Black "Simic, Radoslav"]
[Result "1-0"]
[WhiteElo "2550"]
[BlackElo "2485"]
[Annotator "Dolmatov,S"]
[PlyCount "97"]
[EventDate "1988.12.??"]
[EventType "swiss"]
[EventRounds "9"]
[EventCountry "YUG"]
[SourceTitle "TD"]
[Source "ChessBase"]
[SourceDate "1994.03.01"]
[SourceVersion "1"]
[SourceVersionDate "1994.03.01"]
[SourceQuality "1"]

1. e4 c5 2. Nf3 Nc6 3. d4 cxd4 4. Nxd4 Nf6 5. Nc3 e5 6. Ndb5 d6 7. Bg5 a6 8.
Na3 b5 9. Bxf6 gxf6 10. Nd5 Bg7 11. Bd3 Ne7 12. Nxe7 Qxe7 13. c3 $1 (13. c4)
13... f5 14. Nc2 O-O (14... d5 $6 15. exf5 e4 16. Be2 { e3}) (14... Bb7 15.
Ne3 fxe4 16. Nf5 Qf6 17. Bxe4 (17. Nxd6+ $4 Qxd6 18. Bxb5+ Ke7 $19) 17... d5
18. Bxd5 Rd8 19. Qg4 Bxd5 20. Nxg7+ Kf8 21. Nh5 $16) 15. O-O Rb8 (15... fxe4 $6
16. Bxe4 Rb8 17. Nb4 $16) (15... d5 16. exf5 e4 17. Be2 $16) (15... f4 16. a4
bxa4 17. Rxa4 $14) 16. exf5 $1 e4 17. Re1 Bxf5 18. Ne3 (18. f3 $4 Qa7+ $19)
18... Bg6 $8 (18... Bd7 19. Nd5 $18) 19. Nd5 Qe5 20. Bc2 f5 21. f4 Qe8 22. Nc7
Qc6 23. Ne6 Rfe8 (23... b4 $5 24. Bb3 $5 $14 (24. Nxf8 $6 Kxf8 $13)) 24. Bb3
Kh8 25. Nxg7 $2 (25. Qd2 $5 { g7} Bf6 26. Rad1 Qb6+ 27. Qf2 $14) 25... Qc5+ $8
26. Kf1 Kxg7 27. h4 (27. Qd2 e3 $1 28. Qd5 Bh5 $13) 27... Rb7 $6 (27... Re7 $5)
28. Qd5 (28. h5 $6 Bf7 29. Bxf7 Rxf7 $13) 28... Qxd5 29. Bxd5 Rb6 $6 (29... Rc7
) 30. Kf2 Bf7 $2 (30... Bh5) 31. Rad1 $14 h5 $2 32. Re3 $16 Bg6 $8 33. a3 $1 a5
34. Rg3 Kf6 35. Ke3 Re7 36. Bb3 Rc7 37. Rg5 Ra6 38. Rd4 Rb6 39. Bd1 b4 $6 (
39... Rh7 40. Be2 $16) 40. cxb4 axb4 41. a4 $18 Bf7 42. a5 Rb5 43. Rxd6+ Ke7
44. Rd4 b3 45. a6 (45. Rxe4+ $6 Kf6 $16) 45... Kf6 46. Bxh5 Bxh5 47. Rxh5 Rc3+
48. bxc3 b2 49. Rd6+ $1 (49. Rd6+ $1 Ke7 50. Rd1 b1=Q 51. Rxb1 Rxb1 52. Rxf5
$18) 1-0

[Event "Novgorod op"]
[Site "Novgorod"]
[Date "1995.??.??"]
[Round "9"]
[White "Tseshkovsky, Vitaly"]
[Black "Filippov, Valerij"]
[Result "1/2-1/2"]
[WhiteElo "2530"]
[BlackElo "2455"]
[Annotator "Dolmatov,S"]
[PlyCount "89"]
[EventDate "1995.05.??"]
[EventType "swiss"]
[EventRounds "9"]
[EventCountry "RUS"]
[SourceTitle "EXT 2000"]
[Source "ChessBase"]
[SourceDate "1999.11.16"]
[SourceVersion "1"]
[SourceVersionDate "1999.11.16"]
[SourceQuality "1"]

1. e4 c5 2. Nf3 e6 3. d4 cxd4 4. Nxd4 Nf6 5. Nc3 Nc6 6. Ndb5 d6 7. Bf4 e5 8.
Bg5 a6 9. Na3 b5 10. Bxf6 gxf6 11. Nd5 f5 12. c3 (12. Bd3 Be6 13. Qh5 $14)
12... Bg7 (12... fxe4 $2 13. Bxb5 axb5 14. Nxb5 Qg5 15. Nbc7+ Kd8 16. Nxa8 Qxg2
17. Rf1 Ba6 18. Ne3 $16) 13. exf5 Bxf5 14. Be2 (14. Nc2 O-O 15. Nce3 $14) 14...
Ne7 (14... O-O 15. Nc2 Be6 16. O-O Ne7 17. Bf3 Rc8 18. a4 $14) 15. Bf3 e4 16.
Bg4 Bg6 17. Nc2 O-O (17... f5 $2 18. Nxe7 Qxe7 19. Qd5) 18. h4 $6 (18. Be2 Nxd5
$5 (18... Rc8 19. Nce3 $14) (18... f5 19. f4 Nxd5 20. Qxd5+ Bf7 21. Qxf5 $132)
19. Qxd5 Rc8 20. Rd1 Be5 21. O-O $132) 18... f5 $8 19. Nxe7+ (19. h5 $2 Nxd5
20. hxg6 (20. Qxd5+ Bf7 21. Qxf5 Bb3 $40) 20... Nf4 $40) 19... Qxe7 20. h5 fxg4
(20... Be8 $5 21. Qd5+ Bf7 22. Qxf5 Bb3 23. axb3 Rxf5 $15) 21. hxg6 Qe6 $1 22.
gxh7+ Kh8 $44 23. Qe2 (23. Ne3 $2 b4 $40) 23... g3 $6 (23... Rac8 $5 $40) 24.
fxg3 e3 25. Qxe3 $1 (25. O-O-O Qxa2 26. Qxe3 Rac8 $40) 25... Qd5 (25... Qg4 $2
26. Rh4) (25... Rae8 26. Qxe6 Rxe6+ 27. Kd2 Rf2+ 28. Kd3 Ree2 29. Nd4 Rd2+ 30.
Ke4 $14) 26. Nb4 $1 Qxg2 27. O-O-O Rae8 28. Qg1 Qe4 29. Nd3 (29. Rh4 Qg6 30.
Nd3 Bh6+ 31. Nf4 Re2 32. Qd4+ $16) 29... Rc8 30. Nf4 $2 (30. Rh4 Qf5 31. Kb1
$16) 30... b4 31. Re1 $2 (31. Qg2 $4 Rxf4 $19) (31. Qe1 $1 Qf5 (31... Qxe1 $4
32. Ng6#) (31... Rxf4 32. gxf4 Qxf4+ 33. Qd2 $16) 32. Qe6 Qxe6 33. Nxe6 Rf2 34.
Nxg7 $16) 31... Qf5 32. Re6 Bf6 33. Rh5 Qg4 34. Rh6 (34. Rxf6 Rxf6 35. Qd4 Qg7)
34... Bxc3 35. bxc3 (35. Ng6+ Qxg6 36. Rexg6 Bd4+ $19) 35... Rxf4 36. Qe1 (36.
Reg6 $2 Rxc3+ 37. Kb1 Qf5+ $19) 36... Rff8 (36... Rxc3+ $4 37. Qxc3+ bxc3 38.
Re8+ $18) 37. Reg6 Qf5 38. Rg8+ Rxg8 39. hxg8=Q+ Kxg8 40. Qe6+ Qxe6 41. Rxe6
Rxc3+ $10 42. Kb2 Rd3 43. Re7 Rxg3 44. Ra7 Ra3 45. Rd7 1/2-1/2

[Event "Olympiad-32"]
[Site "Yerevan"]
[Date "1996.09.17"]
[Round "2.2"]
[White "Almasi, Zoltan"]
[Black "Rogozenco, Dorian"]
[Result "1-0"]
[WhiteElo "2655"]
[BlackElo "2525"]
[Annotator "Dolmatov,S"]
[PlyCount "95"]
[EventDate "1996.09.15"]
[EventType "team-swiss"]
[EventRounds "14"]
[EventCountry "ARM"]
[SourceTitle "CBM 055"]
[Source "ChessBase"]
[SourceDate "1996.12.01"]
[SourceVersion "1"]
[SourceVersionDate "1996.12.01"]
[SourceQuality "1"]
[WhiteTeam "Hungary"]
[BlackTeam "Moldova"]
[WhiteTeamCountry "HUN"]
[BlackTeamCountry "MDA"]

1. e4 c5 2. Nf3 Nc6 3. d4 cxd4 4. Nxd4 Nf6 5. Nc3 e6 6. Ndb5 d6 7. Bf4 e5 8.
Bg5 a6 9. Na3 b5 10. Bxf6 gxf6 11. Nd5 f5 12. Bd3 Be6 13. O-O Bxd5 14. exd5 Ne7
15. c3 Qd7 $6 (15... Bg7 16. Qh5 e4 17. Bc2 Qc8 18. Rae1 $14 {Almasi,
Z-Krasenkow,M/HUN/1994/}) 16. Qh5 Rg8 (16... Bg7 17. Rad1 Rc8 18. Nc2 Rc5 19.
Ne3 $16 {Dolmatov,S-Chehov,V/GER/1994/}) 17. Rad1 Rg6 18. Bb1 $16 Bg7 19. Nc2
Kf8 20. Kh1 $1 (20. Ne3 e4 21. f4 Qa7 22. Qe2 b4 23. cxb4 Bd4 $132) 20... Kg8
21. Ne3 e4 22. f4 (22. f3 $5 Rh6 23. Qg5 Rg6 24. Qh4 Rh6 (24... Bf6 25. Qh3 $16
) 25. Qf2 Be5 26. g3 $16) 22... Kh8 23. Qe2 h5 $6 (23... Rg8 $5 24. g4 fxg4 25.
f5 $16 Rf6 26. Nxg4 Rxf5 27. Rxf5 Qxf5 28. Bxe4 Qg5) 24. Qxh5+ $18 Rh6 25. Qe2
Rg8 26. Rg1 (26. g4 fxg4 27. Nxg4 Rh4 $132) 26... Ng6 27. Rdf1 b4 28. cxb4 $5 (
28. g4 Nh4 29. Nxf5 Nxf5 30. gxf5 bxc3 31. bxc3 Bxc3 $16) 28... Ne7 29. Rd1 Rb8
30. a3 a5 31. bxa5 Rxb2 32. Qc4 Rh5 33. Rge1 Qa7 34. Bc2 $1 Qxa5 $2 (34... Rh6
35. Qe2 $18) 35. Qe2 Rh6 36. Nc4 Qc3 37. Nxb2 Qg3 38. h3 Bxb2 39. Qe3 (39. Bxe4
Bc3 40. Bc2 Bxe1 41. Rxe1) 39... Qg7 40. Re2 Ng6 41. Bxe4 fxe4 42. f5 Be5 (
42... Ne7 43. Rxb2 Nxf5 44. Rb8+ Kh7 45. Qxe4 Qg6 46. Qf3 $18) 43. fxg6 Qxg6
44. Rf1 (44. Qxe4 $4 Qg3 $13) 44... Rh4 45. Rc2 Rh5 46. Rc4 f5 47. Rc7 Bg7 48.
Rb1 1-0

[Event "Linares 10th"]
[Site "Linares"]
[Date "1992.??.??"]
[Round "12"]
[White "Kasparov, Garry"]
[Black "Salov, Valery"]
[Result "1/2-1/2"]
[WhiteElo "2780"]
[BlackElo "2655"]
[Annotator "Ernst,T"]
[PlyCount "122"]
[EventDate "1992.02.??"]
[EventType "tourn"]
[EventRounds "13"]
[EventCountry "ESP"]
[EventCategory "17"]
[SourceTitle "CBM 028"]
[Source "ChessBase"]
[SourceDate "1992.06.01"]
[SourceVersion "1"]
[SourceVersionDate "1992.06.01"]
[SourceQuality "1"]

1. e4 c5 2. Nf3 Nc6 3. d4 cxd4 4. Nxd4 Nf6 5. Nc3 e5 6. Ndb5 d6 7. Bg5 a6 8.
Na3 b5 9. Bxf6 gxf6 10. Nd5 f5 11. Bd3 Be6 12. Qh5 Rg8 13. g3 Rc8 14. c3 Rg6
15. Nc2 $1 (15. Qf3 $6 Bxd5 16. exd5 e4 17. Qxf5 Rg5 $1 $10 {Glek - Cekhov,
URS 1988.}) 15... Rh6 16. Qe2 Bxd5 17. exd5 Ne7 18. f3 $14 Bg7 19. Ne3 f4 20.
gxf4 Ng6 21. O-O-O Nxf4 22. Qc2 Qb6 23. Nf5 Rg6 24. Be4 b4 25. c4 Kf8 26. Rd2
Rc5 27. Ng3 Qc7 28. Kb1 Bh6 29. Qb3 (29. Bxg6 hxg6 $14) 29... Rg7 30. Nf5 Rg6
31. Qxb4 Rxc4 32. Qxc4 Qxc4 33. Rc2 $1 $14 {Gewinnt die Dame zurück wegen
Mattdrohung und behält den Vorteil.} Qxc2+ 34. Kxc2 Rf6 35. Ne3 Ne2 36. Ng4
Nd4+ 37. Kd3 Rf4 38. Nxh6 Kg7 39. Nxf7 $1 (39. Ng4 f5 $1 $10) 39... Rxf7 40.
Rf1 Rb7 41. b3 a5 42. f4 Rb4 43. fxe5 dxe5 44. Rc1 Nb5 45. Rc6 Kf7 46. Ke3 Ke7
47. Bxh7 (47. Re6+ Kd7 48. Rxe5 Nc3 $1 $132) 47... Rh4 48. Bd3 Nd6 49. Rc7+ Kd8
50. Rh7 Rd4 51. h4 Rg4 52. h5 Rg3+ 53. Kd2 Rg2+ 54. Ke1 e4 55. Be2 Nf5 56. Rf7
Nd4 57. Bf1 Rh2 58. Rf4 Nc2+ 59. Kd1 Ne3+ 60. Ke1 Nc2+ 61. Kd1 Ne3+ 1/2-1/2

[Event "Nettetal"]
[Site "Nettetal"]
[Date "1992.02.12"]
[Round "7"]
[White "Leko, Peter"]
[Black "Kuijf, Marinus"]
[Result "1/2-1/2"]
[WhiteElo "2385"]
[BlackElo "2440"]
[Annotator "Ernst,T"]
[PlyCount "80"]
[EventDate "1992.02.06"]
[EventType "tourn"]
[EventRounds "11"]
[EventCountry "GER"]
[EventCategory "9"]
[SourceTitle "CBM 028"]
[Source "ChessBase"]
[SourceDate "1992.06.01"]
[SourceVersion "1"]
[SourceVersionDate "1992.06.01"]
[SourceQuality "1"]

1. e4 c5 2. Nf3 Nc6 3. d4 cxd4 4. Nxd4 e5 5. Nb5 Nf6 6. N1c3 d6 7. Bg5 a6 8.
Na3 b5 9. Bxf6 gxf6 10. Nd5 Bg7 11. Bd3 Ne7 12. Nxe7 Qxe7 13. c3 f5 14. Nc2 Qb7
15. Qf3 O-O 16. Ne3 f4 17. Nd5 Be6 18. g4 $1 {Weiß muss unbedingt den
Gegenstoß f7-f5 unterbinden.} Rae8 (18... Rfe8 19. Kf1 Rac8 20. a3 Rc5 21. Rd1
Kf8 22. Bb1 a5 23. g5 $14 {Dolmatov - Mark Cejtlin, Beer-Sheva 1991.}) 19. Kf1
(19. O-O-O $13 {Dolmatov.}) 19... f5 $1 $10 {Trotzdem! Schwarz hat
ausgeglichen.} 20. gxf5 Rxf5 21. Rg1 Rf7 22. Rd1 Qc8 23. Be2 Kh8 24. Kg2 Rg8
25. Kh1 Bf8 26. Qh5 Rxg1+ 27. Rxg1 Rg7 28. Rxg7 Bxg7 29. Qg5 Qf8 30. Bg4 Bxd5
31. exd5 e4 32. Qf5 Qxf5 33. Bxf5 e3 34. fxe3 fxe3 35. Kg2 a5 36. Kf3 b4 37.
Kxe3 bxc3 38. bxc3 Bxc3 39. Kd3 Be5 40. Kc4 Kg7 1/2-1/2

[Event "Hoogovens-B"]
[Site "Wijk aan Zee"]
[Date "1992.01.??"]
[Round "9"]
[White "Wolff, Patrick G"]
[Black "Bronstein, David Ionovich"]
[Result "1-0"]
[WhiteElo "2570"]
[BlackElo "2465"]
[Annotator "Ernst,T"]
[PlyCount "65"]
[EventDate "1992.01.??"]
[EventType "tourn"]
[EventRounds "11"]
[EventCountry "NED"]
[EventCategory "10"]
[SourceTitle "CBM 028"]
[Source "ChessBase"]
[SourceDate "1992.06.01"]
[SourceVersion "1"]
[SourceVersionDate "1992.06.01"]
[SourceQuality "1"]

1. e4 c5 2. Nf3 Nc6 3. d4 cxd4 4. Nxd4 Nf6 5. Nc3 e5 6. Ndb5 d6 7. Bg5 a6 8.
Na3 b5 9. Bxf6 gxf6 10. Nd5 f5 11. Bd3 Be6 12. O-O Bg7 13. Qh5 f4 14. c4 bxc4
15. Bxc4 O-O 16. Rac1 Rb8 17. b3 Bxd5 18. Bxd5 Nb4 19. Rfd1 Nxa2 20. Rc6 Qe7
21. Nc4 Nb4 (21... Nc3 22. Nxd6 $1 Nxd1 23. Qxd1 Kh8 24. Qg4 $16 {Klovans -
Gurgenidze, URS 1981}) 22. Rxd6 Nxd5 23. R6xd5 Rxb3 24. Nd6 $1 {Noch stärker
als 24.Sxe5.} h6 25. h4 $1 {Nimmt der Dame das Feld g5.} Rfb8 26. Nf5 Qf8 27.
Qg4 {Mit der Drohung 28.Td8!.} Rb1 28. Nxh6+ Kh7 29. Nf5 Bf6 30. Rxb1 Rxb1+ 31.
Kh2 Rb7 32. Rd6 Bg7 33. Rd8 1-0